000 00580nam a2200229Ia 4500
003 OSt
005 20221005130937.0
006 a|||||r|||| 00| 0
007 ta
008 221004b |||||||| |||| 00| 0 mal d
024 _a59058
037 _cTextual
040 _aCRL
_cCRL
_bmal
041 _2mal
_amal
082 _aV1:7, 32K5
100 _aMenon TC. Sankara
_9638895
245 0 _aSatabdangalkkappurathuninnulla sebdangal
260 _c1965
650 _aHISTORY
942 _hV1:7, 32K5
_cTEXL
_2cc
999 _c1058869
_d1058869